Leadership in the Church: (Record no. 6520)

MARC details
000 -LEADER
fixed length control field 00671nam a22002177a 4500
003 - CONTROL NUMBER IDENTIFIER
control field GBCCL
005 - DATE AND TIME OF LATEST TRANSACTION
control field 20241126110605.0
008 - FIXED-LENGTH DATA ELEMENTS--GENERAL INFORMATION
fixed length control field 180517b ||||| |||| 00| 0 eng d
040 ## - CATALOGING SOURCE
Transcribing agency gbc
082 ## - DEWEY DECIMAL CLASSIFICATION NUMBER
Classification number 227.83007
Item number TAF
110 ## - MAIN ENTRY--CORPORATE NAME
Corporate name or jurisdiction name as entry element TAFTEE
9 (RLIN) 11560
245 ## - TITLE STATEMENT
Title Leadership in the Church:
Remainder of title Based on the pastoral epistles
250 ## - EDITION STATEMENT
Edition statement 3rd ed. (DTP)
260 ## - PUBLICATION, DISTRIBUTION, ETC.
Place of publication, distribution, etc. Bangalore:
Name of publisher, distributor, etc. TAFTEE,
Date of publication, distribution, etc. 1996
300 ## - PHYSICAL DESCRIPTION
Extent 252 p.;
Dimensions 29 cm.
500 ## - GENERAL NOTE
General note A degree level course of the Association for Theological Education by Extension, India
650 ## - SUBJECT ADDED ENTRY--TOPICAL TERM
Topical term or geographic name entry element Bible
Form subdivision New Testament
General subdivision Timothy I
9 (RLIN) 11671
650 ## - SUBJECT ADDED ENTRY--TOPICAL TERM
Topical term or geographic name entry element Pastoral epistles
9 (RLIN) 11672
650 ## - SUBJECT ADDED ENTRY--TOPICAL TERM
Topical term or geographic name entry element Leadership
9 (RLIN) 3087
942 ## - ADDED ENTRY ELEMENTS (KOHA)
Source of classification or shelving scheme Dewey Decimal Classification
Koha item type Books
Koha issues (borrowed), all copies 1
Holdings
Withdrawn status Lost status Source of classification or shelving scheme Damaged status Not for loan Home library Current Library Shelving location Date acquired Total checkouts Full call number Barcode Date last seen Date last checked out Copy number Price effective from Koha item type
    Dewey Decimal Classification     GRACE BIBLE COLLEGE GRACE BIBLE COLLEGE Biblical Studies 2018-05-17 1 227.83007 TAF 010207 2025-05-01 2023-08-28 c.1 2018-05-17 Books
© Grace Bible College Library 2025